LDR 00957naa#a2200169#i#450# 001 RU\\bibl\123447 005 20260705205520.7 011 ## _a1994-4683 100 ## _a20230731b2023####ek#y0rusy0150####ca 102 ## _aRU 200 1# _aУСЛОВИЯ РАЗВИТИЯ ВОЛЕВЫХ КАЧЕСТВ ПОДРОСТКОВ, СПОСОБСТВУЮЩИХ ДОСТИЖЕНИЮ СПОРТИВНЫХ УСПЕХОВ _eЖурнальная статья 210 1# _aМосква _cНациональный государственный Университет физической культуры, спорта и здоровья им. П.Ф. Лесгафта _d2023 215 ## _a5 с. 608 ## _aЖурнальная статья _2local 675 ## _aПсихологические исследования, опыты, эксперименты, тесты, измерения. 159.9.072 _z 700 #1 _aКарякин _gРоман Евгеньевич 856 4# _auchzapiski.lesgaft.spb.ru _u